000 00826nam a2200217Ia 4500
001 15638
003 GE_BSU
008 181216s||||||||xx |||||||||||||| ||und||
040 _cGE_BSU
080 _a821.353.1-32
100 _aძოწენიძე, გრიგოლ
245 _aმოთხრობები
245 _cრედ.მ.ლებანიძე. მხ. ი.ქლიბაძე
260 _aთბილისი
260 _bსაბჭ. საქართველო
260 _c1967
300 _a269გვ. ; 20სმ
653 _aერთი დღე ბერლინში; მედალიონი; წალდუნა; ჰონორარი; ბედთან თამაში; ყაჩაღანა
653 _aმოთხრობები
942 _cBK
999 _c48738
_d48738